Soudobé přístupy k hodnocení výzkumu a vývoje v Evropském hospodářském společenství

Uložené v:
Podrobná bibliografia
Hlavný autor: Kadečka, J.
Médium: Kniha
Jazyk:Czech
Vydavateľské údaje: Praha Ústředí vědeckých, technických a ekonomických informací 1983
Tagy: Pridať tag
Žiadne tagy, Buďte prvý, kto otaguje tento záznam!

MARC

LEADER 00000nam a2200000 4500
001 c132012
005 20190620091611.9
041 0 |a cze 
044 |a CZ 
245 1 0 |a Soudobé přístupy k hodnocení výzkumu a vývoje v Evropském hospodářském společenství  |c J. Kadečka 
264 1 |a Praha  |b Ústředí vědeckých, technických a ekonomických informací  |c 1983 
300 |a 55 s. 
100 1 |a Kadečka, J.